| 000 | 00319nam a2200109Ia 4500 | ||
|---|---|---|---|
| 008 | 230907s9999||||xx |||||||||||||| ||und|| | ||
| 082 |
_a621.381548 _bMOR |
||
| 100 |
_aMoreira, José, _9115962 |
||
| 245 | 3 | _aAn engineer's guide to automated testing of high-speed interfaces / | |
| 300 | _axxiv, 677 pages : | ||
| 942 | _cBK | ||
| 999 |
_c600488 _d600488 |
||